000 00374 a2200157 4500
020 _a9695190308
082 _a297.09
090 _c5197
_d5197
100 _aAl-Attas
245 _aProlegomena to the Metaphysics of Islam
_cAl-Attas
250 _a1st
260 _aLahore
_bSuhail Academy
_c2001
300 _a358p
500 _aHard cover
942 _aNBS
_cBK
_k297.09 ATT
999 _c347616
_d347616